Normal view
MARC view
- Rizwan, Azka
Entry Personal Name
001 - CONTROL NUMBER
- control field: 119907
003 - CONTROL NUMBER IDENTIFIER
- control field: NUST
005 - DATE AND TIME OF LATEST TRANSACTION
- control field: 20240117153340.0
008 - FIXED-LENGTH DATA ELEMENTS
- fixed length control field: 240117|| aca||aabn | a|a d
040 ## - CATALOGING SOURCE
- Original cataloging agency: NUST
- Transcribing agency: NUST
100 ## - HEADING--PERSONAL NAME
- Personal name: Rizwan, Azka
670 ## - SOURCE DATA FOUND
- Source citation: Work cat.: (NUST): Rizwan, Azka, Invented Spellings and Vocabulary: The Effects of Direct, In-direct, and Supplementary Corrective Feedback on Elementary EFL Learners
